[Event "Twente Young Master op-C"]
[Site "Twente"]
[Date "2007.08.10"]
[Round "7"]
[White "Springelkamp, Gerdien"]
[Black "Twigt, Nikki"]
[Result "1-0"]
[WhiteElo "1048"]
[BlackElo "1333"]
[PlyCount "62"]
[EventDate "2007.08.06"]
[EventType "swiss"]
[EventRounds "9"]
[EventCountry "NED"]
[SourceTitle "EXT 2008"]
[Source "ChessBase"]
[SourceDate "2007.11.25"]
[SourceVersion "1"]
[SourceVersionDate "2007.11.25"]
[SourceQuality "1"]

1. e4 e5 2. Nf3 Nc6 3. Nc3 Nf6 4. Bc4 Bb4 5. d3 d6 6. h3 d5 7. Bb5 Be6 8. Nxe5 0-0 9. Nxc6 bxc6 10. Bxc6 Rb8 11. Bd2 Qd6 12. Nb5 Bxd2+ 13. Qxd2 Qc5 14. e5 Nh5 15. Qg5 Qxc6 16. Nd4 Qa4 17. Nxe6 fxe6 18. Qxh5 Qxc2 19. 0-0 Rxb2 20. Qg4 Rf5 21. Rae1 Qxd3 22. Rd1 Rd2 23. Rc1 Rc2 24. Rb1 Qa6 25. Rb8+ Rf8 26. Rxf8+ Kxf8 27. Qh4 Qc8 28. Qxh7 Qe8 29. Qxc2 Qd7 30. f4 d4 31. f5 Kf7 1-0